[Event "Khakasia-ch"]
[Site "Abakan"]
[Date "2013.02.28"]
[Round "7"]
[White "Kostojakov, Ivan"]
[Black "Sambursky, Vladimir"]
[Result "1-0"]
[WhiteElo "2150"]
[BlackElo "2244"]
[PlyCount "61"]
[EventDate "2013.02.22"]
[EventType "swiss"]
[EventRounds "9"]
[EventCountry "RUS"]
[SourceTitle "CBM 153 Extra"]
[Source "ChessBase"]
[SourceDate "2013.04.22"]
[SourceVersion "1"]
[SourceVersionDate "2013.04.22"]
[SourceQuality "1"]

1. Nf3 d5 2. d4 Nf6 3. c4 e6 4. g3 c6 5. Bg2 dxc4 6. 0-0 Nbd7 7. Nc3 Nd5 8. e4 Nxc3 9. bxc3 Be7 10. Be3 0-0 11. Nd2 b5 12. a4 Bb7 13. f4 a6 14. Qc2 Qc7 15. f5 e5 16. g4 f6 17. Nf3 Bd6 18. g5 exd4 19. cxd4 Rfe8 20. gxf6 gxf6 21. e5 fxe5 22. Ng5 Nf6 23. Ne6 Qf7 24. Rae1 Kh8 25. dxe5 Bxe5 26. Bg5 h6 27. Bxh6 Bxh2+ 28. Kxh2 Ng4+ 29. Kg1 Nxh6 30. Qc3+ Kg8 31. Re3 1-0

[Event "Khakasia-ch"]
[Site "Abakan"]
[Date "2013.02.24"]
[Round "3"]
[White "Kostojakov, Ivan"]
[Black "Tzigelnik, Evgeniy"]
[Result "1-0"]
[WhiteElo "2150"]
[BlackElo "1967"]
[PlyCount "65"]
[EventDate "2013.02.22"]
[EventType "swiss"]
[EventRounds "9"]
[EventCountry "RUS"]
[SourceTitle "CBM 153 Extra"]
[Source "ChessBase"]
[SourceDate "2013.04.22"]
[SourceVersion "1"]
[SourceVersionDate "2013.04.22"]
[SourceQuality "1"]

1. Nf3 Nf6 2. d4 d5 3. c4 c6 4. g3 e6 5. Bg2 Be7 6. 0-0 0-0 7. Qc2 Nbd7 8. b3 b6 9. Nbd2 Bb7 10. e4 Rc8 11. Bb2 c5 12. cxd5 cxd4 13. Qd3 e5 14. Rac1 Nc5 15. Qb1 Ba6 16. Nxe5 Bxf1 17. Rxf1 Re8 18. Bxd4 Bf8 19. Re1 Qc7 20. f4 Ncd7 21. Nc6 Bc5 22. Bxc5 Nxc5 23. b4 Na6 24. e5 Ng4 25. h3 Nh6 26. Ne4 Nb8 27. b5 Nf5 28. Nf6+ gxf6 29. Qxf5 fxe5 30. fxe5 Qd7 31. Qg5+ Kh8 32. Qf6+ Kg8 33. Re4 1-0

[Event "Abaza op"]
[Site "Abaza"]
[Date "2012.07.24"]
[Round "4"]
[White "Kostojakov, Ivan"]
[Black "Guk, Evgeniy"]
[Result "1-0"]
[WhiteElo "2174"]
[BlackElo "2078"]
[PlyCount "53"]
[EventDate "2012.07.21"]
[EventType "swiss"]
[EventRounds "9"]
[EventCountry "RUS"]
[SourceTitle "CBM 149 Extra"]
[Source "ChessBase"]
[SourceDate "2012.08.24"]
[SourceVersion "1"]
[SourceVersionDate "2012.08.24"]
[SourceQuality "1"]

1. Nf3 Nf6 2. d4 d6 3. c4 Nbd7 4. Nc3 c6 5. e4 e5 6. Be2 Be7 7. 0-0 0-0 8. h3 Re8 9. Be3 Bf8 10. Qc2 Qc7 11. Rfd1 g6 12. b4 Bg7 13. Rac1 b6 14. c5 dxc5 15. bxc5 bxc5 16. dxe5 Nxe5 17. Bxc5 Nxf3+ 18. Bxf3 Be6 19. Bd6 Qa5 20. Na4 Rac8 21. Nc5 Bf8 22. Bxf8 Kxf8 23. Nb7 Qxa2 24. Qxa2 Bxa2 25. Nd6 Bb3 26. Rd3 Rcd8 27. Nxe8 1-0

[Event "Sibiria Region-ch"]
[Site "Prokopevsk"]
[Date "2012.03.12"]
[Round "1"]
[White "Nevostrujev, Vladimir"]
[Black "Kostojakov, Ivan"]
[Result "1/2-1/2"]
[WhiteElo "2461"]
[BlackElo "2174"]
[PlyCount "112"]
[EventDate "2012.03.12"]
[EventType "swiss"]
[EventRounds "9"]
[EventCountry "RUS"]
[SourceTitle "EXT 2013"]
[Source "ChessBase"]
[SourceDate "2012.11.22"]
[SourceVersion "1"]
[SourceVersionDate "2012.11.22"]
[SourceQuality "1"]

1. e4 c6 2. d4 d5 3. Nc3 dxe4 4. Nxe4 Bf5 5. Ng3 Bg6 6. h4 h6 7. Nf3 Nf6 8. Ne5 Bh7 9. Bc4 e6 10. Qe2 Nd5 11. Bb3 Nd7 12. Bd2 Nxe5 13. dxe5 Qc7 14. 0-0-0 0-0-0 15. f4 Be7 16. c4 Nb4 17. Bxb4 Bxb4 18. Bc2 Bxc2 19. Kxc2 Be7 20. Ne4 f5 21. exf6 gxf6 22. Nxf6 Bxf6 23. Qxe6+ Kb8 24. Qxf6 Rdf8 25. Qe5 Rhg8 26. g3 Rxg3 27. Rhg1 Qxe5 28. fxe5 Rf2+ 29. Kc1 Rxg1 30. Rxg1 Re2 31. Rg6 Rxe5 32. Rxh6 Re4 33. b3 Re2 34. a4 a5 35. Rg6 Rh2 36. Rg4 Ka7 37. Kd1 Kb6 38. Ke1 Kc5 39. Kf1 Kb4 40. Kg1 Re2 41. h5 Re1+ 42. Kg2 Re2+ 43. Kg3 c5 44. h6 Re8 45. Rg7 Kxb3 46. Rxb7+ Kxc4 47. Kf4 Kc3 48. h7 c4 49. Rg7 Rh8 50. Ke4 Kb3 51. Rb7+ Kc2 52. Kd4 c3 53. Rg7 Kb2 54. Rb7+ Kc2 55. Kc4 Rd8 56. Rg7 Rc8+ 1/2-1/2

[Event "Novokuznetsk op"]
[Site "Novokuznetsk"]
[Date "2011.08.12"]
[Round "2"]
[White "Chigaev, Maksim"]
[Black "Kostojakov, Ivan"]
[Result "1-0"]
[WhiteElo "2104"]
[BlackElo "2054"]
[PlyCount "59"]
[EventDate "2011.08.11"]
[EventType "swiss"]
[EventRounds "9"]
[EventCountry "RUS"]
[SourceTitle "CBM 144 Extra"]
[Source "ChessBase"]
[SourceDate "2011.10.28"]
[SourceVersion "1"]
[SourceVersionDate "2011.10.28"]
[SourceQuality "1"]

1. e4 c5 2. c3 Nf6 3. e5 Nd5 4. g3 d6 5. exd6 Qxd6 6. Bg2 Nc6 7. Ne2 Bg4 8. 0-0 e6 9. Na3 Be7 10. Re1 0-0 11. d4 cxd4 12. Nb5 Qc5 13. Nbxd4 Rad8 14. Nxc6 bxc6 15. Qd4 Bf5 16. Qa4 Bf6 17. Nf4 Rb8 18. g4 Bg6 19. Nxg6 fxg6 20. Rxe6 Bh4 21. Qxc6 Qxf2+ 22. Kh1 Nf6 23. Qc4 Kh8 24. Re2 Qb6 25. g5 Rbd8 26. Be3 Qd6 27. gxf6 Qxf6 28. Rf1 Qe7 29. Rxf8+ Rxf8 30. Bc5 1-0

[Event "Abaza op"]
[Site "Abaza"]
[Date "2011.07.16"]
[Round "1"]
[White "Kostyleva, Alexandra"]
[Black "Kostojakov, Ivan"]
[Result "0-1"]
[WhiteElo "1862"]
[BlackElo "2054"]
[PlyCount "100"]
[EventDate "2011.07.16"]
[EventType "swiss"]
[EventRounds "9"]
[EventCountry "RUS"]
[SourceTitle "EXT 2012"]
[Source "ChessBase"]
[SourceDate "2011.11.24"]
[SourceVersion "1"]
[SourceVersionDate "2011.11.24"]
[SourceQuality "1"]

1. Nf3 d5 2. g3 Nf6 3. Bg2 Bf5 4. d3 e6 5. Nbd2 Be7 6. b3 c6 7. Bb2 Nbd7 8. 0-0 0-0 9. Re1 Nc5 10. Ne5 Qc7 11. e4 dxe4 12. dxe4 Bg6 13. Nxg6 hxg6 14. Nc4 Rad8 15. Qe2 b5 16. Be5 Qc8 17. Bxf6 gxf6 18. Ne3 e5 19. h4 Ne6 20. Bh3 Nf4 21. Bxc8 Nxe2+ 22. Rxe2 Rxc8 23. Rd2 Rfd8 24. Rad1 Rxd2 25. Rxd2 Bc5 26. Kf1 Kf8 27. Ke2 Ke7 28. f3 Ke6 29. Ng4 f5 30. Nf2 f4 31. gxf4 exf4 32. Nd3 Be3 33. Rd1 Rh8 34. Rh1 a5 35. Kf1 Rh5 36. Kg2 g5 37. hxg5 Rxg5+ 38. Kf1 Rg6 39. Ne1 Ke5 40. c3 Rd6 41. Rh5+ Ke6 42. Rh6+ f6 43. Rh2 Rd1 44. Re2 Bd2 45. c4 b4 46. Kf2 Bxe1+ 47. Rxe1 Rxe1 48. Kxe1 Ke5 49. Ke2 Kd4 50. Kd2 c5 0-1